Teacher, pupil, and task : elements of social psychology applied to education - a practical manual for teachers (Record no. 21315)
[ view plain ]
| 000 -LEADER | |
|---|---|
| fixed length control field | 00444nam a2200145Ia 4500 |
| 005 - DATE AND TIME OF LATEST TRANSACTION | |
| control field | 20240821151409.0 |
| 008 - FIXED-LENGTH DATA ELEMENTS--GENERAL INFORMATION | |
| fixed length control field | 240821s9999||||xx |||||||||||||| ||und|| |
| 082 ## - DEWEY DECIMAL CLASSIFICATION NUMBER | |
| Classification number | 370.15 OES |
| 100 ## - MAIN ENTRY--PERSONAL NAME | |
| Personal name | Oeser, O.A. |
| 245 #0 - TITLE STATEMENT | |
| Title | Teacher, pupil, and task : elements of social psychology applied to education - a practical manual for teachers |
| 260 ## - PUBLICATION, DISTRIBUTION, ETC. | |
| Place of publication, distribution, etc. | London |
| Name of publisher, distributor, etc. | Tavistock Publications |
| Date of publication, distribution, etc. | 1955 |
| 300 ## - PHYSICAL DESCRIPTION | |
| Extent | xiii,196p |
| 650 ## - SUBJECT ADDED ENTRY--TOPICAL TERM | |
| Topical term or geographic name entry element | Education |
| 942 ## - ADDED ENTRY ELEMENTS (KOHA) | |
| Koha item type | Book |
No items available.





